| 000 | nam a22 a 4500 | ||
|---|---|---|---|
| 999 |
_c59777 _d59777 |
||
| 003 | BLK | ||
| 005 | 20221104133530.0 | ||
| 008 | 180408b bul|||||r ||||||| ||bul|| | ||
| 010 | _aKNG00063904000 | ||
| 040 | _aBLK | ||
| 041 |
_aBUL _cBUL |
||
| 080 |
_aЗа безрелсов транспорт _b621.431.73 _x(075.8) _z621.431.73(075.8) |
||
| 100 | 1 |
_aЛилов, Цвятко Георгиев _9288102 |
|
| 139 |
_aАвтотракторни двигатели _bА 22 |
||
| 245 | 1 | 0 |
_aАвтотракторни двигатели _bУчебник за студентите от ВИММЕСС - Русе _cЦвятко Лилов. |
| 250 | _a2. изд. | ||
| 257 | _aBGR | ||
| 260 |
_bЗемиздат _c1977 _aСофия |
||
| 300 |
_a355 с. _c25 см |
||
| 380 | _a62 | ||
| 500 | _aДр. авт. : А. Йотов, Л. Илиев, Ц. Иванов. - 1. изд. 1973. | ||
| 852 |
_aЦб 89220 _bЦб |
||
| 856 | 4 |
_qpdf _i0.00 _ldisable |
|
| 856 | 4 |
_qpdf _i0.00 _ldisable |
|
| 942 |
_cKNG _n0 _s1 |
||
| 944 |
_aCR _c13.06.2004 _kДиана_Димитрова |
||
| 944 |
_aED _c21.04.2011 |
||